Tìm hiểu CMS Joomla và ứng dụng xây dựng website bán máy tính qua mạng

Cơ sở lý thuyết. Phân tích hệ thống website. Xây dựng website bán máy tính qua mạng

Zapisane w:
Opis bibliograficzny
1. autor: Nguyễn Văn Nam
Kolejni autorzy: Nguyễn Thanh Tuấn (Hướng dẫn)
Format: Książka
Wydane: Đà Nẵng Đại học Sư phạm, Đại học Đà Nẵng 2012
Hasła przedmiotowe:
Etykiety: Dodaj etykietę
Nie ma etykietki, Dołącz pierwszą etykiete!
Thư viện lưu trữ: Mạng thư viện Đại học Đà Nẵng
LEADER 01653nam a2200337 4500
001 000017276
003 13692
005 20130327150332.0
008 130327s2012 sd
082 |a 006.7  |b NG-N 
100 1 |a Nguyễn Văn Nam 
245 |a Tìm hiểu CMS Joomla và ứng dụng xây dựng website bán máy tính qua mạng  |c Nguyễn Văn Nam ; Nguyễn Thanh Tuấn hướng dẫn  |k Khóa luận tốt nghiệp 
260 |a Đà Nẵng  |b Đại học Sư phạm, Đại học Đà Nẵng  |c 2012 
300 |a 66 tr.  |b Hình mh.  |c 29 cm.  |e Đĩa CD, bản tóm tắt 
500 |a Khóa luận tốt nghiệp đại học. Chuyên ngành: Cử nhân công nghệ thông tin 2 
504 |a Mục lục đầu trang, tài liệu tham khảo tr. 73 - 74, phụ lục [13 tr.] 
520 |a Cơ sở lý thuyết. Phân tích hệ thống website. Xây dựng website bán máy tính qua mạng 
600 1 4 |b Vua  |c Đinh Tiên Hoàng 
650 0 4 |a Kinh doanh qua mang  |a Website  |v Khóa luận tốt nghiệp  |x Ứng dụng tin học 
653 |a Khoa Tin  |a Website  |a Kinh doanh qua mang  |a Ứng dụng tin học 
700 |a Nguyễn Thanh Tuấn  |e Hướng dẫn 
OWN |a LSP 
AVA |a UDN50  |b LSP  |d 006.7 NG-N  |e available  |t Error 5001 Not defined in file expand_doc_bib_avail.  |f 1  |g 0  |h N  |i 0  |k 1 
999 |a From the UDN01 
AVA |a UDN50  |b LSP  |d 006.7 NG-N  |e available  |t Error 5001 Not defined in file expand_doc_bib_avail.  |f 1  |g 0  |h N  |i 0  |k 1 
TYP |a Monograph 
TYP |a Printed language 
980 |a Mạng thư viện Đại học Đà Nẵng